Capitals of the German federal states on a map - Statistics

General Stats
  • This quiz has been taken 124 times
  • The average score is 11 of 16
Answers on the Map
Answers color-coded by a green-red scale on the quiz's map according to % correct below.
 
Answer Stats
Bundesland % Correct
Berlin
97%
Hamburg
93%
Munich
93%
Bremen
86%
Dresden
83%
Stuttgart
82%
Hannover
74%
Kiel
69%
Düsseldorf
68%
Saarbrücken
61%
Potsdam
57%
Mainz
50%
Magdeburg
45%
Erfurt
42%
Wiesbaden
37%
Schwerin
34%
No matching quizzes found
Score Distribution
Percent of People with Each Score
Percentile by Number Answered
Your Score History
You have not taken this quiz